1793 1742 1853 1112 1740 1887 1414 1738 1863 1104 1090 1148 1544 1893 1846 1392 1654 1628 1758 1347 1038 1722 1273 1697 1489 1718 1074 1590 1162 1960 1574 1645 1486 1734 1012 1743 1313 1505 1924 1723 1003 1993 1308 1697 1065 1477 1008 1866 1395 1739 1680 1459 1947 1581 1165 1283 1744 1247 1858 1522 1601 1561 1121 1104 1026 1924 1325 1701 1345 1141 1585 1679 1700 1381 1870 1480 1902 1079 1468 1539 1027 1202 1845 1624 1183 1701 1190 1097 1305 1447 1381 1645 1968 1306 1908 1931 1308 1288 1034 BCNSPRNW ULIB Ver.6.0+V

เปลี่ยนเป็นภาษาไทย

Change to English
 แสดงรายละเอียดบรรณานุกรม
  กลับหน้าหลัก

Brief Record : Get Marc (ISO 2709) : E-mail record : QR code < ปิดหน้าต่าง
LEADER : 00000nam 2200000uu 4500
001    13399122774
003     ULIB
008    020711s2550 th a 000 0 tha d
020    974949248x
020    9789749492482
050  4 DS520^bส835ป
100    สุภัทรดิศ ดิศกุล,^eหม่อมเจ้า
245    ประวัติศาสตร์เอเซียอาคเนย์ ถึง พ.ศ.2000 /^cศาสตราจารย์ หม่อมเจ้า สุภัทรดิศ ดิศกุล
250    พิมพ์ครั้งที่ 5
260    กรุงเทพฯ :^bสามลดา,^c2550
300    309 หน้า
650    เอเชียอาคเนย์
945    ^p290^l0^i20228
999    ^aทศพร เกษรทอง
รายการนี้ยังไม่มีแท็ก
คุณยังไม่ได้ล็อกอิน คุณสามารถมีกิจกรรมร่วมกับเว็บไซต์ได้ แต่ต้องล็อกอินก่อน ::
  ล็อกอิน

รายการสื่อสารสนเทศ

ลำดับที่ ประเภท เลขเรียก/บาร์โค้ด สถานที่ สถานะ
1. การศึกษาทั่วไป
การศึกษาทั่วไป
DS520 ส835ป ฉ.1 
  Barcode: 20228
ห้องสมุดวิทยาเขตนครสวรรค์
►หนังสือทั่วไป:l:General Books
บนชั้น

รายการใกล้เคียง
    หัวเรื่อง [เอเชียอาคเนย์]

BibComment


ยังไม่เคยถูกคอมเมนท์

คอมเมนท์ทรัพยากรรายการนี้
  คอมเมนท์: ประวัติศาสตร์เอเซ..


 Copyright 2026. Bcnsprnw @Library